| 000 | 00340cam a22001097a 4500 | ||
|---|---|---|---|
| 008 | 180718b1960 xxu||||| |||| 00| 0 eng d | ||
| 100 | _aMathur,G.C. | ||
| 245 |
_aRural housing and village planning _cEdited by G.C. Mathur |
||
| 260 |
_aNew Delhi _bNational building organisation _c1960 |
||
| 300 | _a353p. | ||
| 500 | _aProceedings of the seminar | ||
| 999 |
_c414838 _d414838 |
||